Is It Over Now? - Taylor Swift Lyrics - Statistics

General Stats
  • This quiz has been taken 157 times
  • The average score is 299 of 372
Answer Stats
Lyrics % Correct
I
97%
the
97%
a
96%
had
96%
on
96%
to
94%
You
94%
you
94%
you?
94%
of
93%
Oh,
92%
Oh)
92%
(Oh;
92%
and
91%
And
91%
over
91%
it
89%
no
89%
be
88%
for
88%
my
88%
then?
88%
when
88%
Verse 2 When
88%
is
87%
see
87%
your
87%
Your
87%
go
86%
she
86%
Chorus Was
86%
was
86%
he
85%
in
85%
somethin'
85%
three
85%
about
84%
At
84%
couch?
84%
hundred
84%
jumpin'
84%
keep
84%
| Pre-Chorus Let's
84%
now?
84%
out,
84%
out
84%
think
84%
Bridge Think
84%
baby
83%
down
83%
laid
83%
later
83%
least
83%
very
83%
but
82%
But
82%
decency
82%
flashin'
82%
lights
82%
one
82%
runnin'
82%
(runnin')
82%
tall
82%
whispered
82%
Blue
81%
blue
81%
"Come
81%
come
81%
forward
81%
hips
81%
Just
81%
Off
81%
sight
81%
did
80%
ear
80%
every
80%
greater,
80%
her
80%
If
80%
I've
80%
bed
79%
blouse?
79%
date
79%
fast
79%
here",
79%
here
79%
Lord,
79%
nights
79%
There
79%
thighs
79%
thing
79%
traitor
79%
were
79%
dream
78%
lying
78%
search
78%
somethings
78%
that
78%
been
77%
eyes,
77%
she's
77%
unbuttoned
77%
before
76%
blind
76%
called
76%
mouth
76%
rumors
76%
takeout
76%
wanting,
76%
wanting
76%
didn't
75%
model's
75%
say
75%
as
74%
dates
74%
passed
74%
probably
74%
girl
73%
clone
72%
new
72%
Only
72%
you'll
72%
got
71%
boat
69%
'bout
69%
dress
68%
maiden's
68%
flight
67%
flown
67%
Red
67%
will
67%
blood,
66%
waiters
66%
white
66%
awkward
65%
snow
65%
all
64%
Verse 1 Once
64%
smile
63%
unsuspecting
63%
alone
62%
sighs
60%
surmise
60%
lost
57%
slept
57%
wouldn't
57%
control
56%
profile
56%
With
56%
rose
55%
still
55%
wilt
51%
coffes
47%
you'd
43%
(uh-huh)
33%
hoping
28%
Oh,oh
13%
Oh, Lord;
8%
(Oh, Lord)
8%
Outro (Flashin' lights;
3%
Flashin' lights)
3%
No matching quizzes found
Score Distribution
Percent of People with Each Score
Percentile by Number Answered
Your Score History
You have not taken this quiz